| 000 | 00322 a2200109 4500 | ||
|---|---|---|---|
| 020 | _a5070015125 | ||
| 920 | _a5-07-001512-5 | ||
| 100 | 1 |
_aSer'eznov, A.N.. _eAutor |
|
| 245 | 0 |
_aPoluprovodnikovye analogi reaktivnostej / _cSer'eznov A.N.. |
|
| 710 | 2 |
_aZnanie. _eWydawca _4pbl |
|
| 260 |
_aMoskva : _bZnanie, _c1990. |
||
| 300 |
_a64 s.: _bil.; _c20 cm. |
||
| 999 |
_c16429 _d16429 |
||